000 008960000a22002050004500
020 _a84-7057-226-1
041 0 _aSPA
082 0 4 _aG 176 K864s
245 1 0 _aLa sexualidad humana : Nuevas perspectivas del pensamiento católico / W. Carroll...[et. al.]; Anthony Kosnik, Director, J. Valiente Malla, Traductor
260 _aMadrid, España : Cristiandad
300 _a330 Pag.
500 _aTítulo original : Human sexuality
505 0 0 _ala biblia y la sexualidad humana -- tradición cristiana y sexualidad humana -- las ciencias empíricas y la sexualidad humana -- hacia una teología de la sexualidad humana -- orientaciones pastorales sobre la sexualidad humana
650 1 4 _aETICA SEXUAL \ SEXO ASPECTOS RELIGIOSOS - CRISTIANISMO
001 1336
942 _cBK
999 _c32659
_d32659
336 _atexto
_btxt
_2rdacontent
337 _2rdamedia
_asin mediación
_bn
338 _2rdacarrier
_avolumen
_bnc